|
|
|
|
| LEADER |
00000nam a2200000 a 4500 |
| 001 |
vtls010567621 |
| 003 |
SK-MaSNL |
| 005 |
20260302013110.0 |
| 008 |
200104s2013 xo oa g 000 0 slo |
| 015 |
|
|
|a SNBA2014/03
|
| 020 |
|
|
|a 9788097082550
|q (brož.)
|
| 035 |
|
|
|a urn:nbn:sk:snk-am00czed
|
| 035 |
|
|
|a urn:nbn:sk:snk-am3hge8
|
| 035 |
|
|
|a 4A9ABA51-B977-4460-B3EC-5EE3D171D34F
|
| 040 |
|
|
|a SNK
|b slo
|c SNK
|e AACR2
|
| 041 |
0 |
|
|a slo
|
| 044 |
|
|
|a xo
|c SK
|
| 072 |
|
7 |
|a 616
|x Patológia. Klinická medicína
|2 konspekt
|
| 080 |
|
|
|a 616-097-092.19+577.27
|2 2001
|
| 080 |
|
|
|a 316.346.32-053.2
|2 2001
|
| 080 |
|
|
|a 616-092.19
|2 2001
|
| 080 |
|
|
|a (036)
|2 2001
|
| 245 |
0 |
0 |
|a Imunitný šlabikár
|b praktický sprievodca svetom imunológie nielen pre rodičov
|c Miloš Jaseňák ... [et al.]
|
| 260 |
|
|
|a Bratislava
|b Samedi
|c [2013]
|
| 300 |
|
|
|a 117 s.
|b fareb. fotogr., ilustr.
|c 15 x 21 cm
|
| 504 |
|
|
|a Bibliogr.: s. 113 ; slov.
|
| 650 |
0 |
7 |
|a imunológia
|2 SNKPH
|9 51082
|
| 650 |
0 |
7 |
|a deti
|2 SNKPH
|9 773
|
| 650 |
0 |
7 |
|a imunitný systém
|2 SNKPH
|9 69735
|
| 650 |
0 |
7 |
|a Immunology
|2 SNKPHeng
|9 270715
|
| 650 |
0 |
7 |
|a Immune system
|2 SNKPHeng
|9 316166
|
| 650 |
0 |
7 |
|a Children
|2 SNKPHeng
|9 274282
|
| 655 |
|
7 |
|a sprievodcovia (publikácie)
|2 SNKPH
|9 219172
|
| 655 |
|
7 |
|a Guidebooks
|2 SNKPHeng
|9 268010
|
| 700 |
1 |
|
|a Jeseňák, Miloš,
|d 1980-
|4 aut
|9 153416
|
| 700 |
1 |
|
|a Bánovčin, Peter,
|d 1954-
|4 aut
|9 185685
|
| 700 |
1 |
|
|a Rennerová, Zuzana,
|d 1972-
|4 aut
|9 153417
|
| 700 |
1 |
|
|a Vojtušová, Zuzana
|4 aut
|9 175466
|
| 700 |
1 |
|
|a Urbančíková, Ingrid,
|d 1967-
|4 aut
|9 156932
|
| 700 |
1 |
|
|a Holečková, Katarína
|4 aut
|9 12262
|
| 700 |
1 |
|
|a Abaffyová, Zuzana
|4 aut
|9 156848
|
| 852 |
|
|
|a Štátna vedecká knižnica v Banskej Bystrici
|
| 919 |
|
|
|a 978-80-970825-5-0
|
| 958 |
|
|
|a MI
|
| 958 |
|
|
|a NB
|
| 999 |
|
|
|c 1011721
|d 1013651
|
| 952 |
|
|
|a SNK
|b SNK
|y PREZ
|7 0
|p 17A1104199
|o snkSE 12783
|i snk2014/4003
|8 0
|0 0
|1 0
|4 0
|d 2014-02-10
|f 1
|l 0
|r 2026-02-24 12:56:07
|w 2026-02-24
|
| 952 |
|
|
|a SNK
|b SNK
|y VYP
|7 0
|p 17A1104198
|o snkSE 12783 D1
|i snk2014/4005
|8 0
|0 0
|1 0
|4 0
|d 2014-02-10
|l 0
|r 2026-02-24 12:56:07
|w 2026-02-24
|